Statistics for U.S. Metropolitan Areas with the Lowest Robbery Rate (>1M pop.)

Click here to take the quiz!

General Stats

  • This quiz has been taken 14 times
  • The average score is 9 of 15

Answer Stats

HintAnswer% Correct
69Austin
90%
63Boston
80%
90Denver
80%
69Pittsburgh
70%
97San Diego
70%
79Portland
60%
44Raleigh
60%
98San Jose
60%
89Birmingham
50%
95Detroit
50%
73Norfolk/Virginia Beach
50%
94Oklahoma City
50%
78Hartford
40%
83Kansas City
40%
63Providence
30%

Score Distribution

Percentile by Number Answered

Percent of People with Each Score

Your Score History

You have not taken this quiz